000 00578nam a22001577a 4500
003 LRUA
005 20240327161037.0
008 240327b xxu||||| |||| 00| 0 eng d
040 _cRUA
082 _2AGR HON 2020 B1-586 Or.
100 _916367
_aHONG MEYMEY ហុង ម៉ីម៉ី
245 _aEFFECT OF GROWING SEASONS ON TOMATO GENOTYPES ឥទ្ធិពលនៃរដូវកាលដាំដុះលើហ្សេណូទីបប៉េងបោះផ្សេងៗ
260 _aPHNOM PENH
_bRUA
_c2020
300 _aIX. 25P
_bVII.
_c29CM
942 _2ddc
_cAGR
999 _c22716
_d22716